000 00347nam a22001337a 4500
008 170823b xxu||||| |||| 00| 0 eng d
020 _a020151009
041 _aeng
080 _a51
100 _a38
101 _aMAT
245 _aUNITARY GROUP REPRESENTATIONS IN PHYSIC PROBABILITY AND NUMBER TJEORY
_cMACKEY.G.W
942 _2udc
_cBK
999 _c24714
_d24714